| 000 | 00524nam a2200193 a 4500 | ||
|---|---|---|---|
| 005 | 20140310183454.0 | ||
| 008 | 090806s19uu xx 00 eng d | ||
| 020 | _a9780073343709 | ||
| 050 |
_aHB 172 _b.C683 2008 |
||
| 100 | _aColander, David | ||
| 245 |
_aStudy guide for use with microeconomics / _cDavid Colander |
||
| 250 | _a7th ed. | ||
| 260 |
_aBoston : _bMcGraw-Hill, _c2008. |
||
| 300 |
_a264 p. : _bill. ; _c28 cm. |
||
| 521 | _aBSBA | ||
| 650 | _aMicroeconomics. | ||
| 942 |
_cBK _2lcc _kFOR |
||
| 999 |
_c23541 _d23541 |
||